| 000 | 00522nam a2200193Ia 4500 | ||
|---|---|---|---|
| 005 | 20250508162438.0 | ||
| 008 | 008 250505s9999 xx 000 0 eng d | ||
| 037 | _aTextual | ||
| 040 |
_aFEDL _beng _cFEDL |
||
| 041 |
_aeng _2eng |
||
| 084 |
_a155.4, BUR _qFEDL |
||
| 100 |
_aBursteln A. Joseph _9773170 |
||
| 245 | 0 | _aBursteln's book on children | |
| 260 |
_aPoole _bBlandford Press _c1982 |
||
| 300 | _a242p. | ||
| 650 | _aChild Psychology | ||
| 942 |
_cTEXL _h155.4, BUR |
||
| 999 |
_c1376591 _d1376591 |
||